000 00447cam a2200181ua 4500
020 _cRs 25.00
041 _aeng
_h
082 _a658
_bSAK/BU
100 _aSaksena, S C .
245 _aBusiness administration and management /
_cS C Saksena.
_hTextual Documents
250 _a1 /
_b.
260 _aAgra :
_bSahitya Bhawan ,
_c1973.
300 _a688 ; .
365 _aRs 25.00
504 _a
942 _cBK
999 _c2266
_d2266